<?xml version="1.0" encoding="UTF-8"?>
<collection xmlns="http://www.loc.gov/MARC21/slim">
  <record>
    <leader>00000nam  2200000   4500</leader>
    <controlfield tag="001">INLIS000000000061161</controlfield>
    <controlfield tag="005">20220830080126</controlfield>
    <datafield tag="035" ind1="#" ind2="#">
      <subfield code="a">0010-0822000071</subfield>
    </datafield>
    <controlfield tag="007">ta</controlfield>
    <controlfield tag="008">220830###########################0#ind##</controlfield>
    <datafield tag="082" ind1="#" ind2="#">
      <subfield code="a">658.401</subfield>
    </datafield>
    <datafield tag="084" ind1="#" ind2="#">
      <subfield code="a">658.401 Buf m</subfield>
    </datafield>
    <datafield tag="100" ind1=" " ind2="#">
      <subfield code="a">Buffa Elwood. S</subfield>
    </datafield>
    <datafield tag="245" ind1="1" ind2="#">
      <subfield code="a">Manajemen Operasi &amp; Produksi Modern Jilid 2 Edisi Kedelapan /</subfield>
      <subfield code="c">Buffa Elwood. S</subfield>
    </datafield>
    <datafield tag="250" ind1="#" ind2="#">
      <subfield code="a">cet 2</subfield>
    </datafield>
    <datafield tag="260" ind1="#" ind2="#">
      <subfield code="a">Jakarta :</subfield>
      <subfield code="b">Binarupa Aksara,</subfield>
      <subfield code="c">1999</subfield>
    </datafield>
    <datafield tag="300" ind1="#" ind2="#">
      <subfield code="a">410 halaman :</subfield>
      <subfield code="b">ilustrasi ;</subfield>
      <subfield code="c">24 cm</subfield>
    </datafield>
    <datafield tag="650" ind1="#" ind2="4">
      <subfield code="a">Manajemen Operasi</subfield>
    </datafield>
    <datafield tag="990" ind1="#" ind2="#">
      <subfield code="a">21892189</subfield>
    </datafield>
  </record>
</collection>
